| 000 | 00552nam a2200193Ia 4500 | ||
|---|---|---|---|
| 005 | 20250326140530.0 | ||
| 008 | 250326s9999 xx 000 0 und d | ||
| 020 | _a81-259-0857-9 | ||
| 037 | _aTextbook | ||
| 040 |
_aFMSL _beng _cFMSL |
||
| 041 |
_aeng _2eng |
||
| 084 |
_aX:513 P0 _qFMSL |
||
| 100 |
_aMarconi J _9741835 |
||
| 245 | 0 |
_aShock marketing: advertising, influence and family value _cMarconi J |
|
| 260 |
_aNew Delhi _bNew Delhi, Vikas Pub. _c2000 |
||
| 300 | _a185p | ||
| 942 |
_cTB _hX:513 P0 |
||
| 999 |
_c1286193 _d1286193 |
||